Central Library OPAC University of Rajshahi

The lawfulness of deep seabed mining / (Record no. 45739)

MARC details
000 -LEADER
fixed length control field 00923nam a2200301 i 4500
001 - CONTROL NUMBER
control field 45739
003 - CONTROL NUMBER IDENTIFIER
rucl marc code BD-RJUL
005 - DATE AND TIME OF LATEST TRANSACTION
control field 20211209054048.0
008 - FIXED-LENGTH DATA ELEMENTS--GENERAL INFORMATION
fixed length control field 160728s1980 nyu b 001 0 eng
020 ## - INTERNATIONAL STANDARD BOOK NUMBER
International Standard Book Number 0379204614 (v. 1) :
Terms of availability 80.00
035 ## - SYSTEM CONTROL NUMBER
System control number MITb10090591
System control number (OCoLC)05674640
System control number BD-RJUL 45857
040 ## - CATALOGING SOURCE
Original cataloging agency DLC
Transcribing agency DLC
Modifying agency MYG
Language of cataloging eng
041 ## - LANGUAGE CODE
Language code of text/sound track or separate title eng
082 ## - DEWEY DECIMAL CLASSIFICATION NUMBER
Edition number 23
Classification number 341.448
Author mark and year KRL 1980
099 ## - LOCAL FREE-TEXT CALL NUMBER (OCLC)
Bangla Class number JX4426.K76
100 1# - MAIN ENTRY--PERSONAL NAME
Personal name Kronmiller, Theodore G.,
Dates associated with a name 1948-
9 (RLIN) 139919
245 14 - TITLE STATEMENT
Title The lawfulness of deep seabed mining /
Statement of responsibility, etc. Theodore G. Kronmiller.
260 ## - PUBLICATION, DISTRIBUTION, ETC. (IMPRINT)
Place of publication, distribution, etc. [Dobbs Ferry], N.Y. :
Name of publisher, distributor, etc. Oceana Publications,
Date of publication, distribution, etc. c1980-c1981.
300 ## - PHYSICAL DESCRIPTION
Pagination 3 v. ;
Size 27 cm.
504 ## - BIBLIOGRAPHY, ETC. NOTE
Bibliography, etc Includes bibliographies and index.
505 0# - FORMATTED CONTENTS NOTE
Formatted contents note Vol 1 --
650 #0 - SUBJECT ADDED ENTRY--TOPICAL TERM
Topical term or geographic name as entry element Ocean mining
General subdivision Law and legislation.
9 (RLIN) 139920
Topical term or geographic name as entry element Ocean bottom
General subdivision Law and legislation.
9 (RLIN) 139921
942 ## - ADDED ENTRY ELEMENTS (KOHA)
Source of classification or shelving scheme Dewey Decimal Classification
Koha item type Books
Holdings
Lost status Source of classification or shelving scheme Damaged status Not for loan Collection code Permanent Location Current Location Shelving location Date acquired Source of acquisition Cost, normal purchase price Total Checkouts Full call number Date last seen Copy number Koha item type
  Dewey Decimal Classification     Non-fiction Central Library, University of Rajshahi Central Library, University of Rajshahi   19/04/1984 Token thake Pawya 50.00   341.448 KRL V-1 1980 28/07/2016 C-2 Books
  Dewey Decimal Classification     Non-fiction Central Library, University of Rajshahi Central Library, University of Rajshahi   19/04/1984 Token thake Pawya 50.00   341.448 KRL V-3 1980 28/07/2016 C-2 Books
  Dewey Decimal Classification     Non-fiction Central Library, University of Rajshahi Central Library, University of Rajshahi   19/04/1984 Token thake Pawya 50.00   341.448 KRL V-2 1980 28/07/2016 C-2 Books